Turisti na výlete v Slovenskom raji

Bibliographic Details
Format: Article
Language:Slovak
Subjects:

MARC

LEADER 00000nab a2200000 ar4500
001 vtls008775306
003 SK-MaSNL
005 20260303062555.0
008 171110c2005 xo wr|n|||||||000 b|slo
015 |a SLLK2005  |2 sllk 
038 |a SLLK 
040 |a SLLK  |b slo  |c sllk  |e AACR2 
041 0 |a slo 
044 |a xo  |c SK 
080 |a 796.51  |2 1997 
245 0 0 |a Turisti na výlete v Slovenskom raji  |c [autor] (bk) 
610 1 7 |a ŠKM Stará Ľubovňa  |b Odbor turistiky  |2 snkbucl  |9 205441 
650 0 7 |a šport  |2 snkbucl  |9 1042 
650 0 7 |a turistika  |2 snkbucl  |9 683 
651 7 |a Národný park Slovenský raj (Slovensko)  |2 snkbucl  |9 14391 
651 7 |a Stará Ľubovňa (Slovensko)  |2 snkbucl  |9 19193 
773 0 |t Ľubovnianske noviny  |g Roč. XXXI, č. 28 (2005) s. 6 
852 |a SLLK  |b KIS3GCP 
999 |c 1739749  |d 1741679